000 00270nam a2200109Ia 4500
008 200302s9999 xx 000 0 und d
100 _aIrwin Atman and Others
245 _aElderly People and the Environment
260 _bPlenum Press
260 _c1984
300 _a343 P.,
999 _c3044
_d3044